[Event "Steinfurt Bezirksliga 1617"]
[Site "Germany"]
[Date "2017.03.25"]
[Round "8.2"]
[White "Lachmuth, Mathias"]
[Black "Bienhuels, Franz Josef"]
[Result "1/2-1/2"]
[WhiteElo "1730"]
[BlackElo "1869"]
[PlyCount "51"]
[EventDate "2016.09.24"]
[EventType "team"]
[EventRounds "9"]
[EventCountry "GER"]
[SourceTitle "EXT 2018"]
[Source "ChessBase"]
[SourceDate "2017.10.13"]
[SourceVersion "1"]
[SourceVersionDate "2017.10.13"]
[SourceQuality "1"]
[WhiteTeam "Emsdetten Rochade IV"]
[BlackTeam "Westerkappeln"]
[WhiteTeamCountry "GER"]
[BlackTeamCountry "GER"]

1. Nf3 g6 2. d4 Bg7 3. b3 c5 4. Bb2 cxd4 5. Bxd4 Nf6 6. e3 Nc6 7. Bb2 0-0 8. Be2 d6 9. 0-0 a5 10. a3 Bd7 11. c4 Qc7 12. Nbd2 Rac8 13. Rc1 Rfd8 14. Qc2 Qb8 15. Qb1 Bf5 16. Bd3 Bxd3 17. Qxd3 b6 18. Ba1 Qb7 19. Rc2 Qa6 20. Ne4 d5 21. Nxf6+ exf6 22. Qe2 Ne5 23. cxd5 Qxe2 24. Rxe2 Nxf3+ 25. gxf3 Rxd5 26. Bd4 1/2-1/2

[Event "Steinfurt Bezirksliga 1516"]
[Site "Germany"]
[Date "2015.12.19"]
[Round "4.2"]
[White "Bienhuels, Franz Josef"]
[Black "Boerger, Andreas1111"]
[Result "1/2-1/2"]
[WhiteElo "1895"]
[BlackElo "1634"]
[PlyCount "66"]
[EventDate "2015.09.19"]
[EventType "team-tourn"]
[EventRounds "9"]
[EventCountry "GER"]
[SourceTitle "EXT 2017"]
[Source "ChessBase"]
[SourceDate "2016.10.25"]
[SourceVersion "1"]
[SourceVersionDate "2016.10.25"]
[SourceQuality "1"]
[WhiteTeam "Westerkappeln"]
[BlackTeam "Reckenfeld"]
[WhiteTeamCountry "GER"]
[BlackTeamCountry "GER"]

1. d4 Nf6 2. g3 g6 3. c4 Bg7 4. Bg2 d6 5. Nf3 0-0 6. 0-0 Nbd7 7. Nc3 e5 8. b3 exd4 9. Nxd4 Re8 10. Bb2 Nc5 11. Qc2 a5 12. Rad1 Qe7 13. Ba1 Nfe4 14. Nd5 Qd8 15. a3 c6 16. Nf4 Ng5 17. Rfe1 Qb6 18. Rb1 Bxd4 19. Bxd4 Bf5 20. Nd3 Bxd3 21. exd3 Rxe1+ 22. Rxe1 Qxb3 23. Qxb3 Nxb3 24. Bf6 Ne6 25. Be7 Re8 26. Bxd6 Rd8 27. Be5 Rxd3 28. Be4 Rd7 29. Bc3 Kf8 30. h4 f5 31. Bxf5 gxf5 32. Rxe6 a4 33. Rf6+ Rf7 1/2-1/2

[Event "Steinfurt Bezirksliga 1516"]
[Site "Germany"]
[Date "2015.11.28"]
[Round "3.2"]
[White "Lardinois, Wouter"]
[Black "Bienhuels, Franz Josef"]
[Result "0-1"]
[WhiteElo "1834"]
[BlackElo "1895"]
[PlyCount "48"]
[EventDate "2015.09.19"]
[EventType "team-tourn"]
[EventRounds "9"]
[EventCountry "GER"]
[SourceTitle "EXT 2017"]
[Source "ChessBase"]
[SourceDate "2016.10.25"]
[SourceVersion "1"]
[SourceVersionDate "2016.10.25"]
[SourceQuality "1"]
[WhiteTeam "Emsdetten Rochade III"]
[BlackTeam "Westerkappeln"]
[WhiteTeamCountry "GER"]
[BlackTeamCountry "GER"]

1. e4 c5 2. Nc3 Nc6 3. f4 g6 4. Nf3 Bg7 5. g3 e6 6. d3 Nge7 7. Bg2 0-0 8. 0-0 d5 9. e5 f6 10. exf6 Bxf6 11. Ne2 d4 12. Nd2 Bg7 13. Ne4 b6 14. g4 Qd7 15. N2g3 Bb7 16. Qe2 Rae8 17. Bd2 Nd5 18. Rae1 Nd8 19. a3 a5 20. Rf2 h6 21. Ref1 Ne7 22. f5 exf5 23. gxf5 gxf5 24. Nxf5 Nxf5 0-1

[Event "Muensterland Verbandsklasse-B 1011"]
[Site "Germany"]
[Date "2010.11.13"]
[Round "3.2"]
[White "Bienhuels, Franz Josef"]
[Black "Rebber, Christian"]
[Result "1/2-1/2"]
[WhiteElo "1912"]
[BlackElo "1921"]
[PlyCount "44"]
[EventDate "2010.09.18"]
[EventType "team-tourn"]
[EventRounds "9"]
[EventCountry "GER"]
[SourceTitle "EXT 2012"]
[Source "ChessBase"]
[SourceDate "2011.11.24"]
[SourceVersion "1"]
[SourceVersionDate "2011.11.24"]
[SourceQuality "1"]
[WhiteTeam "Westerkappeln"]
[BlackTeam "Ahaus Wessum"]
[WhiteTeamCountry "GER"]
[BlackTeamCountry "GER"]

1. e4 c5 2. Nf3 Nc6 3. d4 cxd4 4. Nxd4 d6 5. Nc3 Nf6 6. Be3 e5 7. Nb3 Be6 8. Qd2 d5 9. exd5 Nxd5 10. Nxd5 Qxd5 11. 0-0-0 Qxd2+ 12. Rxd2 Bb4 13. c3 Be7 14. Bd3 0-0-0 15. Rhd1 b6 16. Be4 Kc7 17. f4 Rxd2 18. Rxd2 f6 19. g3 g6 20. Kc2 Bd6 21. Nc1 Be7 22. b3 Rd8 1/2-1/2

[Event "Muensterland Verbandsklasse-B 1011"]
[Site "Germany"]
[Date "2010.10.09"]
[Round "2.2"]
[White "Vestrick, Frank"]
[Black "Bienhuels, Franz Josef"]
[Result "0-1"]
[WhiteElo "1631"]
[BlackElo "1912"]
[PlyCount "62"]
[EventDate "2010.09.18"]
[EventType "team-tourn"]
[EventRounds "9"]
[EventCountry "GER"]
[SourceTitle "EXT 2012"]
[Source "ChessBase"]
[SourceDate "2011.11.24"]
[SourceVersion "1"]
[SourceVersionDate "2011.11.24"]
[SourceQuality "1"]
[WhiteTeam "Heiden II"]
[BlackTeam "Westerkappeln"]
[WhiteTeamCountry "GER"]
[BlackTeamCountry "GER"]

1. d4 f5 2. c4 Nf6 3. Nf3 g6 4. g3 Bg7 5. Bg2 0-0 6. 0-0 d6 7. Nc3 Qe8 8. Re1 Qf7 9. b3 h6 10. Qc2 Na6 11. a3 c6 12. e3 Bd7 13. Bb2 Rab8 14. Qe2 b5 15. Rab1 Nc7 16. Rec1 g5 17. Rc2 bxc4 18. bxc4 Rfe8 19. c5 Kh8 20. cxd6 exd6 21. Nd2 d5 22. Na2 Qg6 23. Nf3 Ne4 24. Nb4 f4 25. Nd2 Nxf2 26. Kxf2 Rxb4 27. axb4 fxe3+ 28. Kg1 Qxc2 29. Rf1 Qxd2 30. Qxd2 exd2 31. Bc3 Re1 0-1

[Event "Steinfurt Bezirksliga 0910"]
[Site "Germany"]
[Date "2010.05.15"]
[Round "9.2"]
[White "Bienhuels, Franz Josef"]
[Black "Schulze Oechtering, Matthias"]
[Result "1/2-1/2"]
[WhiteElo "1933"]
[BlackElo "1841"]
[PlyCount "87"]
[EventDate "2009.09.12"]
[EventType "team-tourn"]
[EventRounds "9"]
[EventCountry "GER"]
[SourceTitle "EXT 2011"]
[Source "ChessBase"]
[SourceDate "2010.11.26"]
[SourceVersion "1"]
[SourceVersionDate "2010.11.26"]
[SourceQuality "1"]
[WhiteTeam "Westerkappeln"]
[BlackTeam "Neuenkirchen II"]
[WhiteTeamCountry "GER"]
[BlackTeamCountry "GER"]

1. e4 c5 2. Ne2 d6 3. Nbc3 Nf6 4. g3 g6 5. Bg2 Bg7 6. h3 Nc6 7. d4 cxd4 8. Nxd4 Nxd4 9. Qxd4 0-0 10. Qb4 Qc7 11. Be3 Be6 12. 0-0 Qd7 13. Kh2 a5 14. Qa4 b5 15. Nxb5 Rab8 16. c4 Bxc4 17. Qxc4 Rxb5 18. b3 Rh5 19. Rae1 Ng4+ 20. Kg1 Nxe3 21. Rxe3 Rc8 22. Qd3 Rhc5 23. Re2 a4 24. bxa4 Qxa4 25. Qb3 Qxb3 26. axb3 Rc3 27. Rb1 Rb8 28. Re3 Rxe3 29. fxe3 Be5 30. Kf2 Kg7 31. Bf1 Rb7 32. Bc4 Bc3 33. Ke2 e6 34. Rd1 Bb4 35. Ra1 Kf6 36. Ra8 Ke5 37. Kf3 h5 38. Rg8 Be1 39. g4 hxg4+ 40. hxg4 Bc3 41. Rc8 Ba5 42. Ra8 Bc3 43. Rc8 Ba5 44. Ra8 1/2-1/2

[Event "Steinfurt Bezirksliga 0910"]
[Site "Germany"]
[Date "2010.04.24"]
[Round "8.2"]
[White "Boehlich, Daniel"]
[Black "Bienhuels, Franz Josef"]
[Result "0-1"]
[WhiteElo "1733"]
[BlackElo "1933"]
[PlyCount "66"]
[EventDate "2009.09.12"]
[EventType "team-tourn"]
[EventRounds "9"]
[EventCountry "GER"]
[SourceTitle "EXT 2011"]
[Source "ChessBase"]
[SourceDate "2010.11.26"]
[SourceVersion "1"]
[SourceVersionDate "2010.11.26"]
[SourceQuality "1"]
[WhiteTeam "Steinfurt II"]
[BlackTeam "Westerkappeln"]
[WhiteTeamCountry "GER"]
[BlackTeamCountry "GER"]

1. e4 c5 2. Nf3 d6 3. d4 cxd4 4. Nxd4 Nf6 5. Nc3 Bd7 6. Be3 Nc6 7. f3 h5 8. Qd2 a6 9. Bc4 Rc8 10. Bb3 e6 11. h3 Na5 12. 0-0-0 Nc4 13. Bxc4 Rxc4 14. g4 g6 15. Bg5 Be7 16. Nb3 Qc7 17. Bf4 Rc6 18. Rhe1 e5 19. Bg5 Be6 20. Kb1 Nd7 21. Bxe7 Kxe7 22. f4 Rxc3 23. bxc3 hxg4 24. f5 Bxb3 25. Qg5+ Nf6 26. axb3 gxh3 27. Qe3 Rh4 28. Rh1 h2 29. Qe2 Qxc3 30. Rxh2 Rxh2 31. Qxh2 Qf3 32. Qd2 Nxe4 33. f6+ Kd7 0-1

[Event "Muensterland Verbandsklasse-B 0809"]
[Site "Germany"]
[Date "2008.10.25"]
[Round "3.2"]
[White "Storck, Martin"]
[Black "Bienhuels, Franz Josef"]
[Result "1/2-1/2"]
[WhiteElo "2010"]
[BlackElo "1947"]
[PlyCount "133"]
[EventDate "2008.09.13"]
[EventType "team-tourn"]
[EventRounds "9"]
[EventCountry "GER"]
[SourceTitle "EXT 2010"]
[Source "ChessBase"]
[SourceDate "2010.11.25"]
[SourceVersion "1"]
[SourceVersionDate "2010.11.25"]
[SourceQuality "1"]
[WhiteTeam "Gronau"]
[BlackTeam "Westerkappeln"]
[WhiteTeamCountry "GER"]
[BlackTeamCountry "GER"]

1. c4 c5 2. Nc3 Nf6 3. g3 Nc6 4. Bg2 Rb8 5. Nf3 d5 6. cxd5 Nxd5 7. d4 cxd4 8. Nxd4 Nxc3 9. bxc3 Bd7 10. Bf4 Rc8 11. Nxc6 Bxc6 12. Qxd8+ Rxd8 13. Bxc6+ bxc6 14. Be3 g6 15. Bd4 Rg8 16. Rb1 Bg7 17. Rb7 Bxd4 18. cxd4 Rxd4 19. Rxa7 f5 20. 0-0 Kf7 21. Rc1 Rc8 22. Rc5 Ke6 23. f4 Re4 24. Kf2 Kd6 25. Rc3 c5 26. Ra6+ Kd5 27. e3 c4 28. Ra5+ Kc6 29. Ke2 Rb8 30. Rc2 Rb1 31. Ra3 Kb5 32. Rac3 Ra1 33. Kf2 h5 34. h4 Kb4 35. Ke2 Kc5 36. Kf2 Rh1 37. Kf3 Rf1+ 38. Ke2 Rb1 39. Kf2 Rb4 40. Ke2 Re6 41. Ra3 Kb5 42. Ra7 Kb6 43. Ra8 Kb7 44. Ra5 Rc6 45. a3 Rb1 46. Ra4 Rg1 47. Kf2 Ra1 48. Rb4+ Kc7 49. Rbxc4 Rxc4 50. Rxc4+ Kd7 51. Ra4 Ke6 52. Ra7 Ra2+ 53. Kf3 Ra1 54. a4 Ra2 55. Ra5 Kf6 56. Ra8 Kf7 57. a5 Ra3 58. a6 Ra2 59. a7 Kg7 60. Rd8 Rxa7 61. Rd5 Kf6 62. Re5 Ra3 63. Rb5 Ra2 64. Re5 Rb2 65. Ra5 Rb3 66. Re5 Rc3 67. Ra5 1/2-1/2

[Event "Muensterland Verbandsklasse-B 0809"]
[Site "Germany"]
[Date "2008.10.11"]
[Round "2.2"]
[White "Bienhuels, Franz Josef"]
[Black "Beckmann, David"]
[Result "0-1"]
[WhiteElo "1947"]
[BlackElo "1875"]
[PlyCount "90"]
[EventDate "2008.09.13"]
[EventType "team-tourn"]
[EventRounds "9"]
[EventCountry "GER"]
[SourceTitle "EXT 2010"]
[Source "ChessBase"]
[SourceDate "2010.11.25"]
[SourceVersion "1"]
[SourceVersionDate "2010.11.25"]
[SourceQuality "1"]
[WhiteTeam "Westerkappeln"]
[BlackTeam "Borken"]
[WhiteTeamCountry "GER"]
[BlackTeamCountry "GER"]

1. c4 e6 2. g3 d5 3. Bg2 Nf6 4. Nf3 c6 5. Qc2 Bd6 6. d4 0-0 7. Nbd2 Nbd7 8. 0-0 Re8 9. Rd1 b6 10. e4 dxe4 11. Nxe4 Nxe4 12. Qxe4 Bb7 13. Ng5 Nf6 14. Qc2 Qe7 15. Be3 c5 16. Ne4 Nxe4 17. Bxe4 Bxe4 18. Qxe4 Rad8 19. h4 cxd4 20. Bxd4 e5 21. Be3 Bc5 22. Bxc5 Qxc5 23. Rd5 Rxd5 24. cxd5 Qd4 25. Qxd4 exd4 26. Rd1 Re2 27. Rxd4 Kf8 28. a4 Rxb2 29. d6 Ke8 30. d7+ Kd8 31. Kg2 Re2 32. a5 b5 33. a6 Re6 34. Rf4 f6 35. Rg4 g6 36. Rb4 Rb6 37. Kf3 Kxd7 38. Ke4 Kc6 39. Kd4 Rxa6 40. Kc3 Ra2 41. Rf4 f5 42. Kb3 Re2 43. Rf3 a5 44. Rc3+ Kb6 45. f3 a4+ 0-1

[Event "Muensterland Verbandsklasse-B 0708"]
[Site "Germany"]
[Date "2008.01.26"]
[Round "5.2"]
[White "Bienhuels, Franz Josef"]
[Black "Hagemann, Elmar"]
[Result "1/2-1/2"]
[WhiteElo "1972"]
[BlackElo "2062"]
[PlyCount "90"]
[EventDate "2007.09.15"]
[EventType "team"]
[EventRounds "9"]
[EventCountry "GER"]
[SourceTitle "EXT 2009"]
[Source "ChessBase"]
[SourceDate "2008.11.26"]
[SourceVersion "1"]
[SourceVersionDate "2008.11.26"]
[SourceQuality "1"]
[WhiteTeam "Westerkappeln"]
[BlackTeam "Sendenhorst"]
[WhiteTeamCountry "GER"]
[BlackTeamCountry "GER"]

1. d4 d5 2. Nf3 Nf6 3. g3 c6 4. Bg2 Bf5 5. 0-0 e6 6. c4 Nbd7 7. Bf4 h6 8. Qb3 g5 9. Be5 Qc8 10. Rc1 Bg7 11. Nc3 0-0 12. cxd5 exd5 13. Nb5 Nxe5 14. Nxe5 Qd8 15. Nc3 Qe7 16. e3 Rab8 17. Na4 Nd7 18. Nd3 Bf6 19. a3 Kg7 20. Qd1 h5 21. Nb4 Qe6 22. Nc3 Nb6 23. b3 Rh8 24. a4 a5 25. Nd3 Nd7 26. b4 axb4 27. Nxb4 h4 28. Nbxd5 hxg3 29. hxg3 cxd5 30. Bxd5 Qa6 31. Nb5 Be7 32. g4 Be6 33. Bf3 Nf6 34. d5 Rbd8 35. Nc7 Qd6 36. Nxe6+ fxe6 37. Qd4 exd5 38. Rab1 Rd7 39. Rb6 Qh2+ 40. Kf1 Bd8 41. Re6 Qh7 42. Re5 Qg6 43. Ke2 Re8 44. Rf5 Re6 45. Rb1 b6 1/2-1/2

[Event "Muensterland Verbandsklasse-B 0708"]
[Site "Germany"]
[Date "2007.10.20"]
[Round "2.1"]
[White "Bienhuels, Franz Josef"]
[Black "Klein, Bjoern"]
[Result "1-0"]
[WhiteElo "1972"]
[BlackElo "1994"]
[PlyCount "115"]
[EventDate "2007.09.15"]
[EventType "team"]
[EventRounds "9"]
[EventCountry "GER"]
[SourceTitle "EXT 2009"]
[Source "ChessBase"]
[SourceDate "2008.11.26"]
[SourceVersion "1"]
[SourceVersionDate "2008.11.26"]
[SourceQuality "1"]
[WhiteTeam "Westerkappeln"]
[BlackTeam "Steinfurt"]
[WhiteTeamCountry "GER"]
[BlackTeamCountry "GER"]

1. d4 Nf6 2. c4 g6 3. Nc3 Bg7 4. e4 d6 5. h3 0-0 6. Bg5 Nbd7 7. Bd3 e5 8. d5 a5 9. Nge2 Nc5 10. Bc2 Bd7 11. Qd2 Re8 12. g4 Qb8 13. Be3 b5 14. Bxc5 dxc5 15. Ng3 Rd8 16. b3 b4 17. Nd1 a4 18. Nb2 axb3 19. Bxb3 Ra3 20. Rd1 Ne8 21. f3 Nd6 22. Rg1 Qa7 23. h4 Nb5 24. Ne2 Nd4 25. Nxd4 exd4 26. h5 Re8 27. hxg6 hxg6 28. Kf2 Qb6 29. g5 Qd6 30. Nd3 Ba4 31. Rb1 Ra8 32. f4 Qe7 33. e5 Bxb3 34. axb3 Ra2 35. Rb2 Ra1 36. Rxa1 Rxa1 37. Kg2 Bf8 38. Ra2 Rxa2 39. Qxa2 Qd7 40. Qe2 Qf5 41. Kg3 Be7 42. Nf2 Qb1 43. Qd1 Qb2 44. Ne4 Kf8 45. d6 cxd6 46. exd6 Bd8 47. Nxc5 Qc3+ 48. Kg4 Qe3 49. Qf3 Qg1+ 50. Kh3 Qe1 51. Ne4 Qb1 52. Nf2 Qf1+ 53. Kg3 Qg1+ 54. Kh4 Qh2+ 55. Nh3 Qc2 56. Qa8 Ke8 57. Qc6+ Kf8 58. Qd7 1-0

[Event "Muensterland Verbandsklasse-B 0607"]
[Site "Germany"]
[Date "2007.03.24"]
[Round "7.2"]
[White "Bienhuels, Franz Josef"]
[Black "Wewers, Reinhard"]
[Result "0-1"]
[WhiteElo "1920"]
[BlackElo "1951"]
[PlyCount "100"]
[EventDate "2006.09.23"]
[EventType "team"]
[EventRounds "9"]
[EventCountry "GER"]
[SourceTitle "EXT 2008"]
[Source "ChessBase"]
[SourceDate "2007.11.25"]
[SourceVersion "1"]
[SourceVersionDate "2007.11.25"]
[SourceQuality "1"]
[WhiteTeam "Westerkappeln"]
[BlackTeam "Buldern"]
[WhiteTeamCountry "GER"]
[BlackTeamCountry "GER"]

1. d4 e6 2. c4 Nf6 3. Nf3 Bb4+ 4. Bd2 Qe7 5. g3 Nc6 6. Bg2 Bxd2+ 7. Qxd2 Ne4 8. Qc2 Qb4+ 9. Nc3 Nxc3 10. Qxc3 Qxc3+ 11. bxc3 d6 12. Rb1 Rb8 13. Nd2 Na5 14. c5 dxc5 15. dxc5 b6 16. 0-0 Ba6 17. Rfe1 0-0 18. Rb4 Bb7 19. Reb1 Bxg2 20. Kxg2 Nb7 21. Ra4 Ra8 22. Nb3 Rfd8 23. cxb6 axb6 24. Rxa8 Rxa8 25. Rb2 Kf8 26. Nd4 Ke8 27. h4 Kd7 28. Rd2 Nd6 29. Kf3 c6 30. e3 Ra3 31. Rc2 c5 32. Ne2 e5 33. g4 h5 34. Ng3 hxg4+ 35. Kxg4 Ra4+ 36. Kg5 Ke6 37. Rb2 b5 38. f3 f6+ 39. Kh5 Kf7 40. e4 g6+ 41. Kh6 Ra8 42. Kh7 f5 43. Rd2 Ke6 44. Kg7 Rd8 45. Rg2 fxe4 46. fxe4 Rd7+ 47. Kxg6 Rf7 48. h5 Rf6+ 49. Kg7 Rf7+ 50. Kg8 Ne8 0-1

[Event "Muensterland Verbandsklasse-B 0607"]
[Site "Germany"]
[Date "2006.11.18"]
[Round "3.2"]
[White "Bienhuels, Franz Josef"]
[Black "Luetkehermoelle, Martin"]
[Result "1/2-1/2"]
[WhiteElo "1920"]
[BlackElo "1948"]
[PlyCount "125"]
[EventDate "2006.09.23"]
[EventType "team"]
[EventRounds "9"]
[EventCountry "GER"]
[SourceTitle "EXT 2008"]
[Source "ChessBase"]
[SourceDate "2007.11.25"]
[SourceVersion "1"]
[SourceVersionDate "2007.11.25"]
[SourceQuality "1"]
[WhiteTeam "Westerkappeln"]
[BlackTeam "Ochtrup"]
[WhiteTeamCountry "GER"]
[BlackTeamCountry "GER"]

1. Nf3 Nf6 2. c4 c6 3. d4 d5 4. Qb3 Nbd7 5. g3 Qb6 6. Bg2 Qxb3 7. axb3 e6 8. 0-0 Bd6 9. Bf4 Bxf4 10. gxf4 Ne4 11. Nfd2 f5 12. Nxe4 fxe4 13. Nc3 Rf8 14. e3 a6 15. f3 exf3 16. Bxf3 Nb6 17. c5 Nd7 18. b4 Rb8 19. Be2 Nf6 20. Rf3 Bd7 21. Rg3 Rf7 22. Bd3 Ke7 23. Kh1 Rbf8 24. Rag1 g6 25. Nb1 Nh5 26. R3g2 Ng7 27. Nd2 Nf5 28. Re2 Be8 29. Nf3 Rg7 30. Rgg2 Rfg8 31. Kg1 Rf8 32. Kf1 Rfg8 33. Ke1 h6 34. h4 g5 35. e4 Nxh4 36. Nxh4 gxh4 37. Rxg7+ Rxg7 38. exd5 cxd5 39. f5 Bf7 40. b5 axb5 41. fxe6 Bh5 42. Re3 Bg4 43. Bf1 Rg6 44. Kf2 Rf6+ 45. Kg1 Rf4 46. Bxb5 Rxd4 47. c6 bxc6 48. Bxc6 Rd1+ 49. Kh2 Rd2+ 50. Kg1 Bxe6 51. b4 Kd6 52. b5 Rb2 53. Re1 h3 54. Rd1 Kc5 55. Rc1+ Kd6 56. Rd1 Rb4 57. Rd2 Rg4+ 58. Kh1 d4 59. Rd3 Bd5+ 60. Bxd5 Kxd5 61. b6 Kc6 62. Rb3 Rg7 63. Rb4 1/2-1/2

[Event "Muensterland Verbandsklasse-B 0506"]
[Site "Germany"]
[Date "2006.02.25"]
[Round "7.2"]
[White "Stegemann, Norbert"]
[Black "Bienhuels, Franz Josef"]
[Result "1-0"]
[WhiteElo "1959"]
[BlackElo "2073"]
[PlyCount "123"]
[EventDate "2005.09.03"]
[EventType "team"]
[EventRounds "9"]
[EventCountry "GER"]
[SourceTitle "EXT 2006"]
[Source "ChessBase"]
[SourceDate "2005.11.24"]
[SourceVersion "1"]
[SourceVersionDate "2005.11.24"]
[SourceQuality "1"]
[WhiteTeam "Duelmen"]
[BlackTeam "Westerkappeln"]
[WhiteTeamCountry "GER"]
[BlackTeamCountry "GER"]

1. c4 e5 2. g3 Nf6 3. Bg2 Nc6 4. Nc3 Bb4 5. Nd5 Bc5 6. e3 d6 7. Ne2 a6 8. d4 Ba7 9. h3 0-0 10. 0-0 exd4 11. Nxd4 Nxd4 12. exd4 Nxd5 13. cxd5 Re8 14. Be3 Bf5 15. Qd2 Qf6 16. a4 Qg6 17. Rfc1 Re7 18. Qb4 b6 19. Ra3 Rae8 20. Rac3 Bb8 21. Qc4 a5 22. Qc6 Bd7 23. Qc4 h5 24. h4 Bf5 25. Qc6 Bd3 26. Bg5 f6 27. Bf4 Qf5 28. Ra3 Re2 29. Bf1 Kh7 30. Rxd3 Re1 31. Rxe1 Rxe1 32. Re3 Rd1 33. Qe8 b5 34. Qe4 Qxe4 35. Rxe4 bxa4 36. Kg2 Ba7 37. Be3 f5 38. Re7 Rb1 39. Bd3 Rxb2 40. Bxf5+ Kg8 41. Bg6 Rb8 42. Bc1 Bxd4 43. Re8+ Rxe8 44. Bxe8 Kf8 45. Bxa4 Kf7 46. Bd2 Bb6 47. Bc3 Kg6 48. f3 Kh7 49. g4 hxg4 50. fxg4 Kg6 51. Be8+ Kh7 52. Kf3 Kg8 53. Kf4 Kf8 54. Ba4 Kf7 55. h5 Kf8 56. Kf5 Kf7 57. g5 g6+ 58. hxg6+ Kg8 59. Kf6 c6 60. dxc6 d5 61. Bb3 Bd8+ 62. Kf5 1-0

[Event "Muensterland Verbandsklasse-B 0405"]
[Site "Muensterland"]
[Date "2005.03.19"]
[Round "8.2"]
[White "Bienhuels, Franz Josef"]
[Black "Zoern, Friedrich"]
[Result "1-0"]
[WhiteElo "1972"]
[BlackElo "1766"]
[PlyCount "63"]
[EventDate "2004.09.11"]
[EventType "team"]
[EventRounds "9"]
[EventCountry "GER"]
[SourceTitle "EXT 2006"]
[Source "ChessBase"]
[SourceDate "2005.11.24"]
[SourceVersion "1"]
[SourceVersionDate "2005.11.24"]
[SourceQuality "1"]
[WhiteTeam "Duelmen"]
[BlackTeam "Muenster IV"]
[WhiteTeamCountry "GER"]
[BlackTeamCountry "GER"]

1. d4 Nf6 2. g3 g6 3. Bg2 d5 4. c4 c6 5. Nf3 Bg7 6. 0-0 0-0 7. Bf4 Bf5 8. Qb3 b6 9. Nc3 dxc4 10. Qxc4 Qc8 11. Ne5 Bh3 12. Rfc1 Bxg2 13. Kxg2 Qb7 14. f3 e6 15. e4 Rc8 16. Nb5 Qe7 17. Nd3 Ne8 18. e5 Rd8 19. Nc3 b5 20. Qc5 Qxc5 21. Nxc5 Rxd4 22. Rd1 Rxd1 23. Rxd1 Bf8 24. N3e4 Be7 25. Bg5 Kf8 26. Bh6+ Kg8 27. Nd6 Nc7 28. Nc8 f6 29. Nxe7+ Kf7 30. exf6 Kxf6 31. Ng8+ Kf7 32. Rd8 1-0

[Event "Muensterland Verbandsklasse-B 0405"]
[Site "Muensterland"]
[Date "2005.02.12"]
[Round "6.2"]
[White "Bienhuels, Franz Josef"]
[Black "Pollok, Ralf"]
[Result "1-0"]
[WhiteElo "1972"]
[BlackElo "1968"]
[PlyCount "95"]
[EventDate "2004.09.11"]
[EventType "team"]
[EventRounds "9"]
[EventCountry "GER"]
[SourceTitle "EXT 2006"]
[Source "ChessBase"]
[SourceDate "2005.11.24"]
[SourceVersion "1"]
[SourceVersionDate "2005.11.24"]
[SourceQuality "1"]
[WhiteTeam "Duelmen"]
[BlackTeam "Raesfeld Erle"]
[WhiteTeamCountry "GER"]
[BlackTeamCountry "GER"]

1. d4 Nf6 2. g3 g6 3. c4 Bg7 4. Bg2 d5 5. cxd5 Nxd5 6. e4 Nb6 7. Ne2 0-0 8. 0-0 Nc6 9. d5 Na5 10. Nbc3 c6 11. Nd4 cxd5 12. exd5 Nac4 13. b3 Nd6 14. Be3 Bd7 15. Rc1 Rc8 16. Qd2 Re8 17. Rfe1 Nf5 18. Nxf5 Bxf5 19. Nb5 Bd7 20. Rxc8 Nxc8 21. Nxa7 Nd6 22. Qb4 Qa8 23. Rc1 Nf5 24. Bb6 Be5 25. a4 Bd6 26. Qa5 Bb8 27. Nc6 Qxa5 28. Nxa5 Nd6 29. f4 Kf8 30. Bf3 h5 31. Kg2 Kg8 32. h3 Rc8 33. Rxc8+ Bxc8 34. Nc4 Bd7 35. Ne5 Be8 36. Nd3 Nc8 37. Bd4 Nd6 38. Bc5 Kg7 39. Bd4+ Kf8 40. Nc5 Bc7 41. b4 Nf5 42. Bf2 Nd6 43. Be2 Bd8 44. a5 Bc7 45. Nxb7 Nxb7 46. a6 Bb8 47. b5 e6 48. b6 1-0

[Event "Muensterland Verbandsklasse-B 0405"]
[Site "Muensterland"]
[Date "2004.10.02"]
[Round "2.2"]
[White "Bienhuels, Franz Josef"]
[Black "Lodde, Martin"]
[Result "1/2-1/2"]
[WhiteElo "1972"]
[BlackElo "1918"]
[PlyCount "101"]
[EventDate "2004.09.11"]
[EventType "team"]
[EventRounds "9"]
[EventCountry "GER"]
[SourceTitle "EXT 2006"]
[Source "ChessBase"]
[SourceDate "2005.11.24"]
[SourceVersion "1"]
[SourceVersionDate "2005.11.24"]
[SourceQuality "1"]
[WhiteTeam "Duelmen"]
[BlackTeam "Westbevern II"]
[WhiteTeamCountry "GER"]
[BlackTeamCountry "GER"]

1. d4 Nf6 2. g3 d5 3. Nf3 c6 4. Bg2 Bf5 5. c4 dxc4 6. Ne5 Be4 7. f3 Bxb1 8. Rxb1 e6 9. 0-0 Be7 10. Nxc4 0-0 11. e4 Nbd7 12. b4 Nb6 13. Na5 Qd7 14. Be3 Rfd8 15. Qe2 Rac8 16. a3 h6 17. Rfd1 Bf8 18. Rbc1 Nh7 19. Qe1 Re8 20. Nb3 Na4 21. Nc5 Nxc5 22. dxc5 Qe7 23. Rd3 Red8 24. Rcd1 Rxd3 25. Rxd3 Rd8 26. Qd2 Rxd3 27. Qxd3 Qe8 28. Kf2 Be7 29. e5 Qd8 30. Qxd8+ Bxd8 31. a4 a6 32. f4 Kf8 33. Be4 f5 34. Bf3 Ke7 35. Ke2 Kd7 36. Kd3 Nf8 37. Kc4 Ng6 38. b5 axb5+ 39. axb5 Ne7 40. Bd2 Nd5 41. h4 g6 42. h5 gxh5 43. Bxh5 Be7 44. Bf3 Bf8 45. g4 Ne7 46. gxf5 Nxf5 47. bxc6+ bxc6 48. Bg4 Be7 49. Kb4 Bd8 50. Kc4 Bh4 51. Kd3 1/2-1/2

[Event "Muensterland Verbandsklasse-B 0304"]
[Site "Germany"]
[Date "2004.03.27"]
[Round "8.2"]
[White "Wigger, Frank"]
[Black "Bienhuels, Franz Josef"]
[Result "0-1"]
[WhiteElo "1821"]
[BlackElo "1932"]
[PlyCount "78"]
[EventDate "2003.09.20"]
[EventType "team"]
[EventRounds "9"]
[EventCountry "GER"]
[SourceTitle "EXT 2005"]
[Source "ChessBase"]
[SourceDate "2004.11.15"]
[SourceVersion "1"]
[SourceVersionDate "2004.11.15"]
[SourceQuality "1"]
[WhiteTeam "Metelen"]
[BlackTeam "Duelmen"]
[WhiteTeamCountry "GER"]
[BlackTeamCountry "GER"]

1. Nf3 Nf6 2. d4 g6 3. g3 Bg7 4. Bg2 0-0 5. 0-0 d6 6. c4 Nbd7 7. Nc3 e5 8. dxe5 dxe5 9. Qc2 Re8 10. e4 c6 11. b4 Bf8 12. Rb1 Qc7 13. Rd1 h6 14. h3 b6 15. Be3 Ba6 16. Nd2 Rac8 17. Qa4 Bb7 18. Rbc1 Kg7 19. a3 Red8 20. Qc2 Ba6 21. Qb2 Qb8 22. Ne2 Be7 23. f4 c5 24. b5 Bb7 25. Nc3 Kh7 26. Rf1 Nh5 27. fxe5 Nxe5 28. Bf4 Nxf4 29. gxf4 Nd3 30. Qc2 Nxc1 31. Qxc1 Qd6 32. e5 Qd4+ 33. Kh2 Qxd2 34. Qxd2 Rxd2 35. Rg1 Rcd8 36. Kh1 Bxg2+ 37. Rxg2 Rxg2 38. Kxg2 Rd4 39. Nd5 Bd8 0-1